[Event "European Women Championship-2011"]
[Site "Tbilisi"]
[Date "2011.05.09"]
[Round "3"]
[White "Kovanova Baira"]
[Black "Muzychuk Mariya"]
[Result "1-0"]
[WhiteElo "2361"]
[BlackElo "2473"]
[PlyCount "119"]
[EventDate "2011.??.??"]

1. e4 c5 2. Nf3 Nc6 3. d4 cxd4 4. Nxd4 Nf6 5. Nc3 e5 6. Ndb5 d6 7. Nd5 Nxd5 8.
exd5 Nb8 9. c4 Be7 10. Be2 O-O 11. O-O a6 12. Nc3 Bf5 13. Be3 Nd7 14. b4 b6 15.
Qd2 Bg6 16. Rac1 f5 17. f4 Bf6 18. Na4 Re8 19. Kh1 exf4 20. Bxf4 Be5 21. Bg5
Nf6 22. Bd3 Rb8 23. c5 bxc5 24. bxc5 dxc5 25. Nxc5 Qd6 26. Bxf6 Bxf6 27. Nxa6
Rb2 28. Rc2 Rxc2 29. Qxc2 Bf7 30. Qc6 Rd8 31. Qxd6 Rxd6 32. Nb4 Bc3 33. Rc1
Bxb4 34. Rc8+ Be8 35. Rxe8+ Kf7 36. Rb8 Bc3 37. g3 g6 38. Bc4 Kf6 39. Re8 Rd7
40. Re6+ Kg5 41. Kg2 f4 42. a4 fxg3 43. hxg3 Bb4 44. Rb6 Bc3 45. Rb3 Bd2 46.
Rd3 Bb4 47. Bb5 Rd8 48. Bc6 Kf6 49. Rb3 Bd2 50. Rb5 Ke5 51. a5 Be3 52. a6 Rf8
53. Rb7 Rf2+ 54. Kh3 Bc5 55. a7 Ra2 56. a8=Q Rxa8 57. Rb5 Ra3 58. Rxc5 h5 59.
Be8 Kd6 60. Rb5 1-0

[Event "European Women Championship-2011"]
[Site "Tbilisi"]
[Date "2011.05.09"]
[Round "3"]
[White "Gvetadze Sopio"]
[Black "Hoang Thanh Trang"]
[Result "1/2-1/2"]
[WhiteElo "2330"]
[BlackElo "2456"]
[PlyCount "79"]
[EventDate "2011.??.??"]

1. e4 e6 2. d4 d5 3. Nd2 h6 4. g3 c5 5. exd5 Qxd5 6. Ngf3 cxd4 7. Bg2 Nc6 8.
O-O d3 9. c3 Nf6 10. Re1 Qf5 11. Nb3 Be7 12. Nbd4 Nxd4 13. Nxd4 Qa5 14. Qxd3
O-O 15. b4 Qa4 16. Nf5 exf5 17. Rxe7 Be6 18. Be3 Rfd8 19. Bd4 Nd7 20. Qe2 Bb3
21. Bxb7 Rab8 22. Bf3 Rbc8 23. Bb7 Bc4 24. Qf3 Rc7 25. Rae1 Qb5 26. Ba8 Bxa2
27. Bc5 Be6 28. Bd6 Rc4 29. R1xe6 fxe6 30. Rxe6 Nb6 31. Bb7 Kh7 32. Qh5 Rg4 33.
Bf3 Rg5 34. Qf7 Qc4 35. Be2 Qxc3 36. h4 Rxd6 37. hxg5 Qc1+ 38. Kh2 Rxe6 39.
Qxe6 Qxg5 40. Qd7 1/2-1/2

[Event "European Women Championship-2011"]
[Site "Tbilisi"]
[Date "2011.05.09"]
[Round "3"]
[White "Gaponenko Inna"]
[Black "Purtseladze Maka"]
[Result "1/2-1/2"]
[WhiteElo "2455"]
[BlackElo "2352"]
[PlyCount "104"]
[EventDate "2011.??.??"]

1. e4 c6 2. d4 d5 3. exd5 cxd5 4. c4 Nf6 5. Nc3 Nc6 6. Bg5 dxc4 7. Bxc4 e6 8.
Nf3 h6 9. Be3 Bd6 10. O-O O-O 11. Qe2 b6 12. Rad1 Ne7 13. Ne5 Bb7 14. Bc1 Rc8
15. Rd3 Rxc4 16. Nxc4 Ba6 17. b3 Qc7 18. Rh3 Rc8 19. Rd1 Ned5 20. Bd2 Nxc3 21.
Rxc3 Bxh2+ 22. Kh1 Bf4 23. Bxf4 Qxf4 24. Qf3 Qxf3 25. Rxf3 Bxc4 26. bxc4 Rxc4
27. Rd2 a5 28. g3 Nd5 29. Kg2 b5 30. Rb3 b4 31. Rbb2 Rc3 32. Rb3 Rc1 33. Rbb2
a4 34. Rbc2 Ra1 35. Kf3 Kh7 36. Ke2 h5 37. Kd3 g5 38. Kc4 h4 39. gxh4 gxh4 40.
Kb5 a3 41. f3 Rh1 42. Rh2 Rxh2 43. Rxh2 Kg6 44. Rxh4 b3 45. Kc4 bxa2 46. Rh1
Kf5 47. Ra1 Kf4 48. Rxa2 Kxf3 49. Rxa3+ Ke4 50. Ra7 f6 51. Ra6 e5 52. dxe5 fxe5
1/2-1/2

[Event "European Women Championship-2011"]
[Site "Tbilisi"]
[Date "2011.05.09"]
[Round "3"]
[White "Pogonina Natalija"]
[Black "Kachiani-Gershinska Ketino"]
[Result "0-1"]
[WhiteElo "2448"]
[BlackElo "2309"]
[PlyCount "94"]
[EventDate "2011.??.??"]

1. e4 c6 2. d4 d5 3. f3 Qb6 4. Nc3 e6 5. a3 Ne7 6. Nge2 Ng6 7. Nf4 Be7 8. Be2
Nd7 9. Be3 Bh4+ 10. g3 Nxf4 11. Bxf4 Bf6 12. e5 Be7 13. Qd2 Qxb2 14. O-O Qb6
15. Be3 Qa5 16. f4 Nb6 17. g4 g6 18. Qe1 Bd7 19. Bd2 Na4 20. Nb5 Qd8 21. Nd6+
Bxd6 22. exd6 Qf6 23. Be3 h5 24. gxh5 Nb6 25. f5 exf5 26. Qg3 O-O-O 27. Kh1
Rde8 28. Rae1 gxh5 29. Bd3 Nc4 30. Bf4 Qxd4 31. Re7 h4 32. Qe1 Rxe7 33. dxe7
Re8 34. Qxh4 Nd2 35. Rf2 Ne4 36. Rf1 Nd2 37. Rf2 Ne4 38. Rf1 Rg8 39. Qe1 Qc5
40. Be3 Qxe7 41. Bxa7 f4 42. Rg1 Bg4 43. Qf1 Ng3+ 44. Rxg3 fxg3 45. hxg3 Rh8+
46. Kg1 Qe5 47. Qf2 Qh5 0-1

[Event "European Women Championship-2011"]
[Site "Tbilisi"]
[Date "2011.05.09"]
[Round "3"]
[White "Melia Salome"]
[Black "Cherednichenko Svetlana"]
[Result "1/2-1/2"]
[WhiteElo "2444"]
[BlackElo "2297"]
[PlyCount "55"]
[EventDate "2011.??.??"]

1. e4 c5 2. Nf3 e6 3. c3 Nf6 4. e5 Nd5 5. d4 cxd4 6. cxd4 b6 7. a3 Ba6 8. Bxa6
Nxa6 9. O-O Be7 10. Nc3 Nac7 11. Ne4 f5 12. Ned2 O-O 13. Nc4 Ne8 14. Bd2 Kh8
15. Rc1 f4 16. Ne1 g5 17. Nd3 Ng7 18. Qf3 Nf5 19. Qe4 Qe8 20. Bb4 Qh5 21. Bxe7
Nfxe7 22. f3 Nf5 23. Nf2 b5 24. Nd2 Nfe3 25. Rfe1 Rg8 26. h3 Qh4 27. Re2 Rac8
28. Rc5 1/2-1/2

[Event "European Women Championship-2011"]
[Site "Tbilisi"]
[Date "2011.05.09"]
[Round "3"]
[White "Foisor Cristina-Adela"]
[Black "Isgandarova Khaiala"]
[Result "1/2-1/2"]
[WhiteElo "2414"]
[BlackElo "2143"]
[PlyCount "131"]
[EventDate "2011.??.??"]

1. d4 g6 2. Nf3 Bg7 3. c4 d6 4. Nc3 Nd7 5. g3 e5 6. Bg2 Ne7 7. O-O O-O 8. e4
exd4 9. Nxd4 Nc6 10. Nde2 a5 11. Rb1 Nc5 12. Be3 Be6 13. b3 Ne5 14. h3 Qd7 15.
Bxc5 dxc5 16. Qxd7 Nxd7 17. f4 Nb6 18. e5 Bf5 19. Rb2 f6 20. g4 Bc8 21. exf6
Bxf6 22. Rd2 h5 23. gxh5 gxh5 24. Ne4 Be7 25. a4 h4 26. Nc1 Bf5 27. Nd3 Nd7 28.
Ndf2 Nf6 29. Bf3 Rad8 30. Rxd8 Rxd8 31. Nxf6+ Bxf6 32. Be4 Bxe4 33. Nxe4 Kf7
34. Kg2 b6 35. Rf3 Rd1 36. Nf2 Re1 37. Nd3 Re2+ 38. Rf2 Re3 39. Rf3 Re2+ 40.
Kf1 Rd2 41. Ke1 Rg2 42. Nf2 Rg1+ 43. Ke2 Rb1 44. Ng4 Rb2+ 45. Kd1 Kg6 46. f5+
Kf7 47. Rd3 Bd4 48. Rf3 Rg2 49. f6 c6 50. Ke1 b5 51. Nh6+ Kf8 52. cxb5 cxb5 53.
axb5 Rg3 54. Ke2 Rxf3 55. Kxf3 c4 56. bxc4 a4 57. Nf5 Bxf6 58. Ne3 a3 59. Nc2
a2 60. b6 Ke7 61. b7 Be5 62. Ke4 Bg3 63. Kd5 Kd7 64. c5 Kc7 65. c6 Bf4 66. Ke4
1/2-1/2

[Event "European Women Championship-2011"]
[Site "Tbilisi"]
[Date "2011.05.09"]
[Round "3"]
[White "Melashvili Nino"]
[Black "Savina Anastasia"]
[Result "0-1"]
[WhiteElo "2104"]
[BlackElo "2389"]
[PlyCount "84"]
[EventDate "2011.??.??"]

1. d4 Nf6 2. Nf3 g6 3. Bf4 Bg7 4. Nc3 O-O 5. Qd2 Re8 6. O-O-O d6 7. e4 c6 8. e5
dxe5 9. Nxe5 Be6 10. Bc4 Bxc4 11. Nxc4 Nd5 12. Be5 f6 13. Bg3 Nd7 14. Nxd5 cxd5
15. Ne3 Nb6 16. h4 Bh6 17. f4 f5 18. h5 Bg7 19. Bh4 Qd6 20. hxg6 hxg6 21. Bg5
Rac8 22. g4 e6 23. Bh6 Rc7 24. Qh2 Na4 25. Bxg7 Rxg7 26. c3 b5 27. Rdg1 Rf8 28.
Qh6 b4 29. gxf5 exf5 30. Rh5 Qe6 31. Kd2 bxc3+ 32. bxc3 Nxc3 33. Rgh1 Ne4+ 34.
Ke1 Ng3 35. Kf2 Nxh5 36. Rxh5 Re8 37. Rh3 Kf7 38. Rg3 Rb8 39. Kg2 Qe4+ 40. Kh2
Rb2+ 41. Ng2 Kg8 42. Qg5 Rxg2+ 0-1

[Event "European Women Championship-2011"]
[Site "Tbilisi"]
[Date "2011.05.09"]
[Round "3"]
[White "Ziaziulkina Nastassia"]
[Black "Zawadzka Jolanta"]
[Result "0-1"]
[WhiteElo "2291"]
[BlackElo "2400"]
[PlyCount "158"]
[EventDate "2011.??.??"]

1. e4 e5 2. Nf3 Nc6 3. Bb5 Nf6 4. Qe2 a6 5. Ba4 Be7 6. O-O b5 7. Bb3 O-O 8. d3
Re8 9. Ng5 d5 10. c3 Na5 11. Bc2 h6 12. Nf3 Bf8 13. Nbd2 c5 14. a4 Bb7 15. Re1
Qb6 16. axb5 axb5 17. b3 Bc6 18. Bb2 Rad8 19. Ra2 Nb7 20. Rea1 Nd6 21. Ra6 Qb7
22. Ra7 Qb8 23. R7a2 Bb7 24. c4 d4 25. Bc1 Qc7 26. Nf1 Nd7 27. Nh4 Nb8 28. Ng3
g6 29. f4 exf4 30. Bxf4 Qe7 31. Nf3 Nc6 32. Qd2 Nb4 33. Ra7 Nc8 34. R7a5 bxc4
35. bxc4 Nb6 36. Ra7 Ra8 37. Bb1 Kh7 38. h4 Rxa7 39. Rxa7 Ra8 40. Rxa8 Bxa8 41.
Bc2 Bc6 42. Bd1 Bg7 43. Be2 Nd7 44. h5 Ne5 45. Nxe5 Bxe5 46. Bf1 Bd7 47. Qf2
Bg7 48. Be2 Be6 49. Bb8 Nc6 50. Bf4 Nb4 51. Bb8 Qd8 52. Qf4 Nc6 53. Bc7 Qd7 54.
Qd6 Be5 55. Qxd7 Bxd7 56. Bxe5 Nxe5 57. hxg6+ fxg6 58. Kf2 h5 59. Nf1 Ba4 60.
Ke1 Kh6 61. Nh2 h4 62. Nf3 Nxf3+ 63. Bxf3 Kg5 64. e5 Be8 65. e6 Kf5 66. Bd5 g5
67. Kf2 Kf6 68. Kf3 Bh5+ 69. g4 hxg3+ 70. Kxg3 Bg6 71. Kg4 Bxd3 72. e7 Be2+ 73.
Kg3 Kxe7 74. Kf2 Bh5 75. Be4 Kf6 76. Kg3 Be2 77. Bd5 Ke5 78. Kf2 Bg4 79. Kg3
Be6 0-1

[Event "European Women Championship-2011"]
[Site "?"]
[Date "2011.05.09"]
[Round "3"]
[White "Yildiz Betul Cemre"]
[Black "Zimina Olga"]
[Result "0-1"]
[WhiteElo "2219"]
[BlackElo "2346"]
[PlyCount "62"]
[EventDate "2011.??.??"]

1. e4 e5 2. Nf3 Nc6 3. d4 exd4 4. Nxd4 Bc5 5. Nxc6 Qf6 6. Qd2 bxc6 7. Bd3 Ne7
8. O-O Ng6 9. Nc3 O-O 10. Kh1 Ne5 11. Be2 Qh4 12. f4 Ng4 13. Bxg4 Qxg4 14. Na4
Be7 15. b3 d5 16. e5 Rd8 17. Bb2 d4 18. Qf2 Ba6 19. Rfd1 c5 20. Ba3 Bh4 21. Qd2
c4 22. bxc4 Bxc4 23. h3 Qg3 24. Bc5 f6 25. e6 Bxe6 26. Bxd4 Bd5 27. Nc5 Qxh3+
28. Kg1 Qg4 29. c3 Bg3 30. Nd3 Qh4 31. Rab1 Be4 0-1

[Event "European Women Championship-2011"]
[Site "?"]
[Date "2011.05.09"]
[Round "3"]
[White "Vakhania Alexandra"]
[Black "Mamedjarova Zeinab"]
[Result "1-0"]
[WhiteElo "2189"]
[BlackElo "2342"]
[PlyCount "111"]
[EventDate "2011.??.??"]

1. c4 c5 2. Nc3 Nf6 3. g3 g6 4. Bg2 Bg7 5. e4 d6 6. Nge2 Nc6 7. d3 O-O 8. h3
Bd7 9. Be3 Qc8 10. Qd2 Re8 11. g4 a6 12. f4 Rb8 13. Ng3 h6 14. f5 g5 15. h4
Nxg4 16. hxg5 Be5 17. Bf4 b5 18. cxb5 Nd4 19. Bxe5 dxe5 20. O-O-O axb5 21. Bh3
b4 22. Bxg4 bxc3 23. Qxc3 Rb6 24. g6 Kg7 25. Rxh6 fxg6 26. Rdh1 Qa6 27. f6+
Kxf6 28. Bxd7 Qxa2 29. Nh5+ Kf7 30. Rh7+ Kg8 31. Rg7+ Kh8 32. Nf6+ Kxg7 33.
Nxe8+ Kf7 34. Rf1+ Rf6 35. Rxf6+ exf6 36. Qc4+ Qxc4+ 37. dxc4 Ke7 38. Ba4 Ne6
39. Kd2 f5 40. exf5 gxf5 41. Ke3 e4 42. Bb5 Nd4 43. Nc7 Kd6 44. Na6 Ne6 45. Nb8
Nd4 46. Ba4 Ne6 47. Nc6 Ng5 48. Kf4 Nf3 49. Nd8 Kc7 50. Nf7 Kb6 51. Nd6 Ka5 52.
Bd1 Nd2 53. b3 Kb4 54. Nxf5 Kc3 55. Nd6 Kd4 56. Be2 1-0

[Event "European Women Championship-2011"]
[Site "?"]
[Date "2011.05.09"]
[Round "3"]
[White "Cherednichenko Elena"]
[Black "Stojanovic Andjelija"]
[Result "1/2-1/2"]
[WhiteElo "2147"]
[BlackElo "2326"]
[PlyCount "68"]
[EventDate "2011.??.??"]

1. d4 d6 2. Nf3 g6 3. c4 Bg7 4. Nc3 Nf6 5. Bf4 O-O 6. h3 Nbd7 7. e3 c5 8. Be2
cxd4 9. exd4 b6 10. O-O Bb7 11. Re1 Re8 12. d5 Nc5 13. Nd4 e5 14. dxe6 Nxe6 15.
Nxe6 Rxe6 16. Bf1 Ne4 17. Nxe4 Bxe4 18. Qd2 Qf6 19. Rad1 Qxb2 20. Qxb2 Bxb2 21.
Rxd6 Bf5 22. Rexe6 Bxe6 23. Rc6 Bd4 24. Bd3 Rd8 25. Rd6 Rxd6 26. Bxd6 f5 27.
Kf1 Kf7 28. Ke2 Ke8 29. Bb4 a5 30. Bd2 Kd7 31. Be3 Bxe3 32. Kxe3 Kd6 33. Kd4
Bd7 34. f4 Bc6 1/2-1/2

[Event "European Women Championship-2011"]
[Site "?"]
[Date "2011.05.09"]
[Round "3"]
[White "Alexanian Nelli"]
[Black "Charochkina Daria"]
[Result "0-1"]
[WhiteElo "2141"]
[BlackElo "2320"]
[PlyCount "74"]
[EventDate "2011.??.??"]

1. d4 Nf6 2. c4 e6 3. Nf3 b6 4. Bg5 h6 5. Bh4 Bb7 6. e3 g5 7. Bg3 Ne4 8. Nfd2
Nxg3 9. hxg3 Bg7 10. Nc3 Qe7 11. Qc2 Nc6 12. a3 O-O-O 13. b4 d5 14. cxd5 exd5
15. Be2 Kb8 16. g4 a5 17. b5 Na7 18. Nf1 Nc8 19. Ng3 Nd6 20. Rc1 Rd7 21. O-O
Qe6 22. Bf3 Rc8 23. Rfd1 Ne8 24. Qb3 Nf6 25. Nf5 Bf8 26. Ng3 h5 27. gxh5 g4 28.
Be2 Bd6 29. Nf1 Nxh5 30. e4 Nf4 31. e5 Be7 32. Ng3 Rh8 33. f3 Qh6 34. Kf2 Qh2
35. Bf1 Bh4 36. Nce4 dxe4 37. fxe4 Bxg3+ 0-1

[Event "European Women Championship-2011"]
[Site "?"]
[Date "2011.05.09"]
[Round "3"]
[White "Mammadova Gulnar"]
[Black "Ikonomopoulou Maria"]
[Result "1-0"]
[WhiteElo "2312"]
[BlackElo "2121"]
[PlyCount "83"]
[EventDate "2011.??.??"]

1. e4 c5 2. Nf3 d6 3. d4 cxd4 4. Qxd4 Nc6 5. Bb5 Bd7 6. Bxc6 Bxc6 7. Nc3 Nf6 8.
Bg5 e6 9. O-O-O Be7 10. Qd3 O-O 11. Nd4 Qa5 12. f4 Rfe8 13. Kb1 Rac8 14. h4 b5
15. e5 dxe5 16. fxe5 Bd5 17. exf6 Rxc3 18. bxc3 Bxa2+ 19. Kc1 Ba3+ 20. Kd2 e5
21. Qxb5 Qd8 22. fxg7 Be7 23. Bxe7 Rxe7 24. Kc1 exd4 25. Rxd4 Qc8 26. Rhd1 Re8
27. Qxe8+ Qxe8 28. Rd8 Qxd8 29. Rxd8+ Kxg7 30. g3 a6 31. Rd4 Be6 32. c4 Kf6 33.
c5 Ke5 34. c3 Bd5 35. Kd2 h5 36. Ke3 f5 37. c4 Bc6 38. Rd6 Bb7 39. Rd7 Bc6 40.
Re7+ Kf6 41. Ra7 Ke5 42. Rxa6 1-0

[Event "European Women Championship-2011"]
[Site "?"]
[Date "2011.05.09"]
[Round "3"]
[White "Daulyte Deimante"]
[Black "Bokuchava Madona"]
[Result "1-0"]
[WhiteElo "2306"]
[BlackElo "2115"]
[PlyCount "87"]
[EventDate "2011.??.??"]

1. e4 c5 2. Nf3 d6 3. d4 cxd4 4. Nxd4 Nf6 5. Nc3 Nc6 6. Bc4 Qb6 7. Nb3 e6 8.
Bf4 Ne5 9. Be2 a6 10. a4 Be7 11. O-O O-O 12. a5 Qc7 13. Be3 Bd7 14. Nd2 Bc6 15.
f4 Ned7 16. Bf3 Nc5 17. b4 Ncd7 18. Nb3 d5 19. e5 Ne4 20. Qd4 f5 21. Be2 Rfd8
22. Nxe4 dxe4 23. Qc4 Kh8 24. Qxe6 Bxb4 25. Qc4 Be7 26. Qf7 Re8 27. Nd4 Bc5 28.
Nxf5 Bxe3+ 29. Nxe3 Rf8 30. Qc4 Rac8 31. Qd4 Rcd8 32. Qb4 Rfe8 33. Bh5 g6 34.
Be2 Nf8 35. Rad1 Ne6 36. g3 Qb8 37. Qb6 Nc7 38. c4 Na8 39. Qc5 Rc8 40. Rd6 Qc7
41. Qd4 Rcd8 42. e6+ Kg8 43. Ng4 Rxd6 44. Nh6+ 1-0

[Event "European Women Championship-2011"]
[Site "?"]
[Date "2011.05.09"]
[Round "3"]
[White "Janjghava Natia"]
[Black "Lauterbach Ingrid"]
[Result "1-0"]
[WhiteElo "2291"]
[BlackElo "2100"]
[PlyCount "76"]
[EventDate "2011.??.??"]

1. c4 d6 2. Nc3 e5 3. g3 g6 4. d4 Nd7 5. Bg2 Bg7 6. Nf3 Ne7 7. O-O exd4 8. Nxd4
Ne5 9. b3 O-O 10. Bb2 Rb8 11. Qd2 Nf5 12. Nxf5 Bxf5 13. f4 Ng4 14. e4 Bd7 15.
h3 Nf6 16. g4 Bc6 17. g5 Nd7 18. b4 b5 19. cxb5 Bxb5 20. Nxb5 Bxb2 21. Qxb2
Rxb5 22. a4 Rb8 23. Qc3 c5 24. b5 Qb6 25. Qc4 Qa5 26. Qd5 Rb6 27. e5 Qb4 28.
exd6 Qd4+ 29. Qxd4 cxd4 30. Bc6 Rd8 31. a5 Rbb8 32. Rad1 Nf8 33. Rxd4 Ne6 34.
Rd5 Kg7 35. d7 h6 36. gxh6+ Kxh6 37. f5 gxf5 38. Rdxf5 Rg8+ 1-0

[Event "European Women Championship-2011"]
[Site "?"]
[Date "2011.05.09"]
[Round "3"]
[White "Hairapetian Anna"]
[Black "Severiukhina Zoja"]
[Result "1-0"]
[WhiteElo "2128"]
[BlackElo "2291"]
[PlyCount "55"]
[EventDate "2011.??.??"]

1. e4 d6 2. d4 Nf6 3. Nc3 g6 4. Nf3 c6 5. Bg5 Bg7 6. Qd2 b5 7. Bd3 Qc7 8. Bh6
O-O 9. h4 Bg4 10. Bxg7 Kxg7 11. h5 Nxh5 12. Ng5 h6 13. f3 hxg5 14. Qxg5 f6 15.
Qxg4 Qc8 16. Qh4 Rh8 17. O-O-O Nd7 18. e5 dxe5 19. Bxg6 Nf4 20. Bh7 b4 21. Qh6+
Kf7 22. dxe5 Nf8 23. Qxf4 bxc3 24. Bf5 Qb7 25. e6+ Nxe6 26. Bxe6+ Kxe6 27. Qc4+
Kf5 28. Qg4+ 1-0

[Event "European Women Championship-2011"]
[Site "?"]
[Date "2011.05.09"]
[Round "3"]
[White "Novkovic Julia"]
[Black "Khurtsilava Inga"]
[Result "0-1"]
[WhiteElo "2120"]
[BlackElo "2286"]
[PlyCount "122"]
[EventDate "2011.??.??"]

1. e4 c6 2. Nc3 d5 3. Nf3 dxe4 4. Nxe4 Nf6 5. Qe2 Bg4 6. h3 Bh5 7. d3 Nxe4 8.
dxe4 Nd7 9. Bd2 e5 10. g4 Bg6 11. O-O-O Qc7 12. h4 f6 13. g5 O-O-O 14. Bh3 Kb8
15. Bc3 Be7 16. gxf6 gxf6 17. Nd2 Nc5 18. h5 Bf7 19. Nc4 Na4 20. Ba5 b6 21. Bd2
Qb7 22. Ne3 Bxa2 23. Nf5 Be6 24. Bh6 Rhg8 25. Rhg1 Rxg1 26. Rxg1 Bxf5 27. Bxf5
b5 28. Rg7 Qa6 29. Kb1 Ba3 30. Bc1 Nc3+ 31. bxc3 Bxc1 32. Rg1 Bg5 33. Rd1 Qa5
34. Rxd8+ Qxd8 35. Bxh7 Kc7 36. Qd3 Qe7 37. Bf5 a5 38. Kb2 a4 39. Qd1 Bh6 40.
Qd3 Bf8 41. Qe3 Qg7 42. Bg6 Kb7 43. Qh3 a3+ 44. Kb1 Kc7 45. Qe3 Kb7 46. Qh3 Kc7
47. Qe3 c5 48. Qd3 Qd7 49. Qxd7+ Kxd7 50. c4 b4 51. Ka2 Bh6 52. Kb3 Ke7 53. c3
Kd6 54. Bf7 Bd2 55. cxb4 cxb4 56. h6 Bxh6 57. Kxb4 Ke7 58. c5 Kxf7 59. Kxa3 Ke6
60. Kb4 Kd7 61. Kb5 Kc7 0-1

[Event "European Women Championship-2011"]
[Site "?"]
[Date "2011.05.09"]
[Round "3"]
[White "Aginian Nelly"]
[Black "Ibrahimova Sabina"]
[Result "0-1"]
[WhiteElo "2284"]
[BlackElo "2078"]
[PlyCount "99"]
[EventDate "2011.??.??"]

1. e4 c5 2. Nf3 Nc6 3. d4 cxd4 4. Nxd4 g6 5. c4 Nf6 6. Nc3 d6 7. Be2 Nxd4 8.
Qxd4 Bg7 9. Be3 O-O 10. Qd2 a5 11. O-O a4 12. Bd4 Be6 13. f4 Qa5 14. Qe3 Rfc8
15. e5 dxe5 16. fxe5 Nd7 17. Nd5 Bxd5 18. cxd5 Qxd5 19. Bf3 Qb5 20. e6 Bxd4 21.
exf7+ Kf8 22. Qxd4 Qc5 23. Rad1 Rc7 24. Qxc5 Nxc5 25. Rd4 e6 26. Rc4 Rac8 27.
Bd1 b5 28. Rb4 Rb8 29. Be2 Rcb7 30. Rc1 Nd7 31. g3 Rb6 32. Rc7 Ne5 33. Kf1 Nc6
34. Rh4 h5 35. Rf4 Ne7 36. Bf3 Rd6 37. g4 hxg4 38. Rxg4 Kxf7 39. Rh4 Kf6 40.
Rh7 Nf5 41. Rhf7+ Kg5 42. Rc2 Rbd8 43. Rb7 Kh6 44. Rc3 Nd4 45. Be4 R8d7 46.
Rh3+ Kg7 47. Rb8 Nc6 48. Rbh8 Rd1+ 49. Kf2 R7d2+ 50. Ke3 0-1

[Event "European Women Championship-2011"]
[Site "?"]
[Date "2011.05.09"]
[Round "3"]
[White "Khalafova Narmin"]
[Black "Bulmaga Irina"]
[Result "0-1"]
[WhiteElo "2065"]
[BlackElo "2284"]
[PlyCount "86"]
[EventDate "2011.??.??"]

1. e4 c5 2. Nf3 d6 3. d4 cxd4 4. Nxd4 Nf6 5. Nc3 a6 6. Bc4 e6 7. Bb3 Nbd7 8.
Bg5 Nc5 9. Qe2 Be7 10. f4 h6 11. Bxf6 Bxf6 12. O-O-O Nxb3+ 13. axb3 Qa5 14. Kb1
O-O 15. Rhe1 e5 16. fxe5 Bxe5 17. Qh5 Be6 18. g4 Rac8 19. Re3 Rc5 20. Qh3 Bxd4
21. Rxd4 Rg5 22. Rxd6 Rxg4 23. Qf1 Qc5 24. Rdd3 Qe5 25. Rg3 Rxg3 26. hxg3 b5
27. Qf4 Qxf4 28. gxf4 f5 29. Rd6 Re8 30. Rxa6 fxe4 31. Nxe4 Bf5 32. Nd6 Re1+
33. Ka2 Bxc2 34. Nxb5 Re4 35. Ra4 Rxa4+ 36. bxa4 Bxa4 37. Nd4 h5 38. Ne2 h4 39.
Ng1 Bc6 40. b4 Bg2 41. Kb3 h3 42. Nxh3 Bxh3 43. Kc4 Kf7 0-1

[Event "European Women Championship-2011"]
[Site "?"]
[Date "2011.05.09"]
[Round "3"]
[White "Tsatsalashvili Keti"]
[Black "Imnadze Nato"]
[Result "1-0"]
[WhiteElo "2280"]
[BlackElo "1962"]
[PlyCount "109"]
[EventDate "2011.??.??"]

1. d4 d5 2. Nf3 Nf6 3. c4 dxc4 4. e3 Bg4 5. Bxc4 e6 6. Qb3 Bxf3 7. gxf3 Nbd7 8.
Qxb7 Bd6 9. f4 O-O 10. Qg2 c5 11. dxc5 Bxc5 12. Nc3 Nb6 13. Be2 Bb4 14. O-O
Bxc3 15. bxc3 Qc7 16. Ba3 Rfd8 17. c4 Rd2 18. Rfe1 Rb8 19. Bc1 Rd7 20. Bb2 Qd8
21. Be5 Rc8 22. Rac1 Na4 23. Red1 Nc5 24. Rxd7 Ncxd7 25. Rd1 Qf8 26. Bd6 Qe8
27. Rc1 Nc5 28. Be5 Qe7 29. Bd4 Ne8 30. Bf3 f6 31. Bc6 e5 32. Qd5+ Ne6 33. Qd7
Qxd7 34. Bxd7 Nxd4 35. exd4 Rd8 36. Be6+ Kf8 37. dxe5 fxe5 38. fxe5 Ke7 39. Bd5
Nc7 40. Rd1 Ne6 41. Rb1 Nc5 42. Rb5 Rc8 43. Kf1 Rc7 44. Ke2 Nd7 45. f4 g5 46.
fxg5 Nxe5 47. c5 Nd7 48. c6 Nb6 49. Be4 Kd6 50. Kd3 Re7 51. Kd4 Rc7 52. Rf5 Rg7
53. h4 Nc8 54. Rf6+ Kc7 55. Rh6 1-0

[Event "European Women Championship-2011"]
[Site "?"]
[Date "2011.05.09"]
[Round "3"]
[White "Matveeva Svetlana"]
[Black "Gogishvili Dea"]
[Result "1-0"]
[WhiteElo "2380"]
[BlackElo "1856"]
[PlyCount "73"]
[EventDate "2011.??.??"]

1. d4 d5 2. c4 e6 3. Nc3 c6 4. e3 Be7 5. Bd2 f5 6. g4 fxg4 7. Qxg4 Bf6 8. Qg2
Ne7 9. Nf3 Nd7 10. Bd3 e5 11. cxd5 cxd5 12. Ng5 Nf8 13. dxe5 Bxe5 14. O-O-O Bf6
15. e4 Ne6 16. exd5 Nxg5 17. Bxg5 Nf5 18. Rhe1+ Kf7 19. Bxf6 Qxf6 20. Ne4 Qh6+
21. Ng5+ Kf6 22. f4 Qh4 23. Qe4 Re8 24. Qxe8 Qxf4+ 25. Kb1 Kxg5 26. Rf1 Qd4 27.
Rg1+ Kh6 28. Qf7 g6 29. Bc2 Qc4 30. Qf8+ Ng7 31. Rxg6+ hxg6 32. Qh8+ Kg5 33.
Qxg7 Bf5 34. Rg1+ Kf4 35. Bxf5 gxf5 36. Qg5+ Ke5 37. Re1+ 1-0

[Event "European Women Championship-2011"]
[Site "?"]
[Date "2011.05.09"]
[Round "3"]
[White "Martirosyan Lia"]
[Black "Zhukova Natalia	"]
[Result "0-1"]
[WhiteElo "2093"]
[BlackElo "2428"]
[PlyCount "76"]
[EventDate "2011.??.??"]

1. d4 d5 2. Nf3 c5 3. c3 Nc6 4. e3 e6 5. Bd3 Nf6 6. Nbd2 Qc7 7. O-O Be7 8. Qe2
O-O 9. dxc5 Bxc5 10. e4 h6 11. h3 Bb6 12. Nh2 Ne5 13. Bb1 Ng6 14. Re1 dxe4 15.
Nxe4 Nxe4 16. Bxe4 f5 17. Bc2 e5 18. Qh5 Qf7 19. Nf3 e4 20. Nd4 Bxd4 21. cxd4
Be6 22. Bd2 Rac8 23. Bb3 Bxb3 24. axb3 a6 25. Ra5 Ne7 26. Qxf7+ Rxf7 27. Rc5
Rd8 28. Rc7 Nc6 29. Rxf7 Kxf7 30. Be3 Rd5 31. Rc1 Rb5 32. Rc5 Rxc5 33. dxc5 Ke6
34. h4 Kd5 35. h5 Nd4 36. Kh2 Nxb3 37. Kg3 Ke5 38. Bd2 Nxd2 0-1

[Event "European Women Championship-2011"]
[Site "?"]
[Date "2011.05.09"]
[Round "3"]
[White "Makka Ioulia	"]
[Black "Shadrina Tatiana"]
[Result "0-1"]
[WhiteElo "2101"]
[BlackElo "2397"]
[PlyCount "102"]
[EventDate "2011.??.??"]

1. e4 c5 2. Nf3 g6 3. c4 Nc6 4. d4 cxd4 5. Nxd4 Nf6 6. Nc3 Nxd4 7. Qxd4 d6 8.
Be2 Bg7 9. Be3 O-O 10. Qd2 a5 11. O-O a4 12. f3 Qa5 13. Rab1 Be6 14. Rfc1 Rfc8
15. Nd5 Qxd2 16. Bxd2 Nxd5 17. cxd5 Bd4+ 18. Kf1 Bd7 19. Bd3 Kf8 20. Bc3 Bc5
21. a3 e6 22. dxe6 Bxe6 23. g4 Be3 24. Re1 Bf4 25. Kg2 h5 26. h3 h4 27. Re2 Ke7
28. Rbe1 Be5 29. Bb4 g5 30. Rd1 Bb3 31. Rf1 Ke6 32. Be1 Rc1 33. Bb4 Rac8 34.
Rd2 Rxf1 35. Bxf1 Rc1 36. Bd3 Bf4 37. Re2 f6 38. Bd2 Bxd2 39. Rxd2 Ke5 40. Kf2
Kf4 41. Re2 Ke5 42. Rd2 Kf4 43. Re2 Bc4 44. Bxc4 Rxc4 45. Rd2 Rc6 46. Re2 Rc5
47. Rd2 Rb5 48. Kg2 Ke3 49. Rc2 Rc5 50. Rf2 Rc1 51. f4 gxf4 0-1

[Event "European Women Championship-2011"]
[Site "?"]
[Date "2011.05.09"]
[Round "3"]
[White "Arabidze Meri"]
[Black "Kharatyan Anahit"]
[Result "1-0"]
[WhiteElo "2277"]
[BlackElo "2064"]
[PlyCount "83"]
[EventDate "2011.??.??"]

1. d4 d6 2. Nf3 g6 3. c4 Bg7 4. Nc3 Nd7 5. e4 e5 6. Be2 Ne7 7. Be3 exd4 8. Nxd4
Nc5 9. O-O O-O 10. Bf3 a5 11. Ndb5 Ne6 12. Qd2 f5 13. exf5 Nxf5 14. Bg4 Nxe3
15. Qxe3 Re8 16. Qd2 Nc5 17. Bxc8 Rxc8 18. Rae1 Qd7 19. Nd5 Ne6 20. Re2 Qf7 21.
b3 Rcd8 22. Rxe6 Rxe6 23. Nbxc7 Re4 24. Qxa5 Rf8 25. Qd2 Be5 26. Nb5 Kh8 27. h3
Rh4 28. Qd3 g5 29. Ne3 Rxh3 30. gxh3 Qf3 31. Qd5 Qxh3 32. Qg2 Qe6 33. Nc7 Qh6
34. Ng4 Qg6 35. Nxe5 dxe5 36. Nd5 g4 37. Qg3 Qg5 38. Re1 Rf5 39. Ne3 Rf4 40.
Ng2 Rf5 41. Rd1 h5 42. Qh4 1-0

[Event "European Women Championship-2011"]
[Site "?"]
[Date "2011.05.09"]
[Round "3"]
[White "Umudova Nargiz"]
[Black "Rizhamadze Patman"]
[Result "1/2-1/2"]
[WhiteElo "2230"]
[BlackElo "2052"]
[PlyCount "85"]
[EventDate "2011.??.??"]

1. e4 c5 2. Nf3 d6 3. d4 cxd4 4. Nxd4 Nf6 5. Nc3 g6 6. Be3 Bg7 7. f3 Nc6 8. Bc4
O-O 9. Qd2 Ne5 10. Bb3 a6 11. Bg5 Bd7 12. O-O-O b5 13. a3 Nc4 14. Bxc4 bxc4 15.
Nd5 Nxd5 16. exd5 c3 17. Qxc3 Rc8 18. Qe3 Qc7 19. Rd2 Qc4 20. Qb3 Bxd4 21. Qxc4
Rxc4 22. b3 Rc3 23. Rxd4 Rfc8 24. Rc4 R3xc4 25. bxc4 f6 26. Be3 Rxc4 27. Kd2
Bb5 28. Bb6 Kf7 29. Re1 Ke8 30. Re4 f5 31. Rxc4 Bxc4 32. f4 Bxd5 33. g3 Kd7 34.
Ke3 e5 35. Ba5 Bc4 36. Bb4 Kc6 37. h4 Kd5 38. Ba5 Ba2 39. Bb4 Bb1 40. c3 e4 41.
c4+ Kc6 42. Kd4 Ba2 43. Bd2 1/2-1/2